000 01132nam a22002417a 4500
005 20260404124423.0
008 260404b |||||||| |||| 00| 0 eng d
020 _a9789354666353
040 _cAL
041 _aeng
082 _a621.392
_bKAND
100 _aNagoor Kani A
_9260213
245 _aDigital systems design
260 _aNew Delhi
_bCBS Publishers and Pvt Ltd
_c2024
300 _axiv,735p
_bPB
_c24x17cm
365 _2Electronics and communication Engineering
_aVBI-2645
_b₹596.25
_c
_d₹795.00
_e25%
_f20-02-2026
520 _aSalient Features Solution for university questions will enable students to score better in examinations. Clear explanation of concepts with appropriate diagrams. Di?erent types of fonts for text, proof and solved problems for better understanding. Step-by-step presentation of proofs and solved problems. Solution Manual related to this book is available free on CBSiCentral App.
650 _aSynchronous Sequential Circuits
_9260214
650 _aAsynchronous
_9260215
650 _aLogic Families
_9260216
650 _aProgrammable Logic Devices
_9260217
942 _2ddc
_cBK
999 _c241126
_d241126